[Event "OKU"]
[Site "Utrecht NED"]
[Date "2009.06.06"]
[Round "4"]
[White "Meijers,V"]
[Black "Hirth,U"]
[Result "1-0"]
[WhiteElo "2458"]
[BlackElo "2153"]

1.e4 g6 2.d4 Bg7 3.Nc3 c6 4.Be3 d5 5.Qd2 Nf6 6.e5 Ng4 7.Bf4 h5 8.h3 Nh6 9.g4 Ng8
10.gxh5 Rxh5 11.Be2 Rh8 12.h4 Bf5 13.h5 Bh6 14.hxg6 Bxf4 15.gxf7+ Kxf7 16.Qxf4 Rxh1
17.Qxf5+ Kg7 18.Qg4+ Kh8 19.O-O-O Nd7 20.f4 Nf8 21.Qg2 Rh6 22.f5 Nh7 23.Nf3 Qf8
24.Rg1 Rh5 25.Bd3 Nh6 26.Ne2 Nxf5 27.Nf4 Nh4 28.Qg4 Qh6 29.Nxh4 Rg5 30.Nhg6+ Kg8
31.Qe6+ Kg7 32.Qxe7+ Kg8 33.Rxg5 Nxg5 34.b3 Nf3 35.Qe6+ Kg7 36.Qf6+ Kg8 37.Ne7+  1-0

[Event "OKU"]
[Site "Utrecht NED"]
[Date "2009.06.07"]
[Round "6"]
[White "Sprangers,R"]
[Black "Hirth,U"]
[Result "1-0"]
[WhiteElo "2231"]
[BlackElo "2153"]

1.e4 g6 2.d4 Bg7 3.Nc3 c6 4.Bc4 d5 5.exd5 cxd5 6.Bxd5 e6 7.Bc4 Bxd4 8.Qf3 Nc6
9.Nge2 Bg7 10.O-O Nge7 11.Rd1 Qa5 12.Bd2 Qf5 13.Qxf5 Nxf5 14.Nb5 Ke7 15.Nec3 Bd7
16.Ne4 Rhd8 17.g4 Nfd4 18.Nxd4 Bxd4 19.Bg5+ f6 20.Rxd4 fxg5 21.Rdd1 Ne5 22.Be2 h6
23.Rd4 Bc6 24.Rad1 Bxe4 25.Rxe4 Rxd1+ 26.Bxd1 Rd8 27.Rxe5 Rxd1+ 28.Kg2 Rd2
29.Rc5 Kd6 30.Rc8 Kd7 31.Rg8 Rxc2 32.Rg7+ Kc6 33.Rxg6 Kd6 34.Rxh6 Rxb2 35.Rh5 Rxa2
36.Rxg5 Rc2 37.h4 Rc8 38.Rg7 Kc6 39.h5 a5 40.Re7 a4 41.Rxe6+ Kc5 42.h6 a3
43.g5 Rh8 44.Re5+ Kb4 45.Re7 b5 46.Ra7 Kb3 47.h7 b4 48.g6 Kb2 49.Rb7 Kc3
50.Rxb4 Kxb4 51.g7 Rxh7 52.g8=Q Rb7 53.f4 Rb5 54.Kf3 Ra5 55.Qa2 Ra8 56.f5 Kc5
57.f6 Kd6 58.Kf4 Ra5 59.Qd2+ Rd5 60.Qb4+  1-0

[Event "13th Open"]
[Site "Voronezh RUS"]
[Date "2009.06.12"]
[Round "1"]
[White "Shaposhnikov,E"]
[Black "Terentiev,V1"]
[Result "1-0"]
[WhiteElo "2549"]
[BlackElo "2301"]

1.e4 g6 2.d4 Bg7 3.Nc3 c6 4.Bc4 d6 5.Nf3 Nf6 6.e5 Nd5 7.Ne4 Bg4 8.exd6 O-O
9.h3 Bxf3 10.Qxf3 exd6 11.O-O Nd7 12.Nxd6 N7b6 13.Nxb7 Qc7 14.Na5 Bxd4 15.c3 Bg7
16.Bb3 Rad8 17.Bg5 Rd7 18.Rad1 Nxc3 19.bxc3 Qe5 20.Rxd7 Nxd7 21.Rd1  1-0

[Event "XXVII Open A"]
[Site "Balatonlelle HUN"]
[Date "2009.06.15"]
[Round "3"]
[White "Gara,A"]
[Black "Pirisi,G"]
[Result "1-0"]
[WhiteElo "2326"]
[BlackElo "2216"]

1.e4 g6 2.d4 Bg7 3.Nc3 c6 4.Nf3 d6 5.h3 Nf6 6.Bd3 O-O 7.O-O Nbd7 8.a4 e5
9.Be3 Re8 10.dxe5 dxe5 11.a5 Nf8 12.a6 b6 13.Qd2 N6d7 14.Bc4 Ne6 15.Rfd1 Qc7
16.Ng5 Nxg5 17.Bxg5 Nc5 18.Qd6 Qxd6 19.Rxd6 Be6 20.Bxe6 Nxe6 21.Be3 Nd4 22.Rd1 Bf8
23.Rd7 Nxc2 24.Rb7 Re7 25.Bg5 Rxb7 26.axb7 Rb8 27.Rd7 Kg7  1-0

[Event "Oceania Zonal"]
[Site "Gold Coast AUS"]
[Date "2009.06.20"]
[Round "2"]
[White "Lane,G"]
[Black "Stead,K"]
[Result "1-0"]
[WhiteElo "2371"]
[BlackElo "2087"]

1.e4 g6 2.d4 Bg7 3.Nc3 c6 4.Bc4 b5 5.Bb3 b4 6.Nce2 d5 7.exd5 cxd5 8.Bd2 a5
9.a3 bxa3 10.Rxa3 Nc6 11.Nf3 e6 12.Ba4 Ne7 13.Ne5 Bd7 14.Nxd7 Qxd7 15.h4 O-O
16.h5 Nf5 17.Rah3 Rfc8 18.hxg6 hxg6 19.g4 Nfxd4 20.Nxd4 Bxd4 21.Bg5 Bg7 22.Qf3 f5
23.Rh7 Qd6 24.Qh3 Qe5+ 25.Kf1 Nd4 26.Be3 Nxc2 27.Bxc2 Rxc2 28.Rh8+ Bxh8 29.Qh7+ Kf8
30.Qxh8+ Qxh8 31.Rxh8+ Ke7 32.Rxa8 Rxb2 33.gxf5 gxf5 34.Rxa5 Rc2 35.Ra7+ Kf6
36.Bd4+ Kg5 37.Be5 f4 38.Rf7 Rc4 39.f3 Ra4 40.Kg2 Rc4 41.Kh3 Ra4 42.Bd6 Rc4
43.Be7+ Kh5 44.Rf6 Kg5 45.Rxe6+ Kf5 46.Rf6+ Ke5 47.Kg4 Rc1 48.Rf5+ Ke6 49.Ba3 Rc3
50.Bb2  1-0

[Event "13th FIDE Open"]
[Site "Voronezh RUS"]
[Date "2009.06.20"]
[Round "9"]
[White "Testova,V"]
[Black "Lomakina,G"]
[Result "0-1"]
[WhiteElo "1769"]
[BlackElo "2089"]

1.e4 g6 2.d4 Bg7 3.Nc3 c6 4.Nf3 d6 5.Be2 Nf6 6.Bg5 Nbd7 7.Qd2 h6 8.Bh4 b5
9.a3 Qc7 10.Rd1 O-O 11.O-O a5 12.Bd3 b4 13.axb4 axb4 14.Ne2 c5 15.c3 bxc3
16.bxc3 Bb7 17.Bxf6 Nxf6 18.Ng3 Ra3 19.Qb2 Rfa8 20.Rb1 R8a7 21.Ra1 Qa5 22.Rxa3 Qxa3
23.Rb1 Bc6 24.Bc2 Qxb2 25.Rxb2 Ra1+ 26.Rb1 Ra2 27.Bb3 Ra3 28.e5 Ne4 29.Ne2 dxe5
30.Nxe5 Bxe5 31.dxe5 Nd2  0-1

[Event "zt 3.4"]
[Site "Tashkent UZB"]
[Date "2009.06.22"]
[Round "9"]
[White "Kvon,A"]
[Black "Khamrakulov,D"]
[Result "1/2-1/2"]
[WhiteElo "2425"]
[BlackElo "2524"]

1.d4 g6 2.e4 Bg7 3.Nc3 c6 4.Be3 d5 5.Be2 dxe4 6.Nxe4 Nf6 7.Nxf6+ Bxf6 8.Nf3 Nd7
9.O-O b6 10.Bc4 Bb7 11.c3 e6 12.Re1 Qe7 13.Qe2 O-O 14.Bf4 Rad8 15.Rad1 b5
16.Bd3 Nb6 17.Ne5 a6 18.Be4 Nd5 19.Bh6 Rfe8 20.Nd3 e5  1/2-1/2

[Event "Oceania Zonal"]
[Site "Gold Coast AUS"]
[Date "2009.06.25"]
[Round "8"]
[White "Kumar,M"]
[Black "Stead,K"]
[Result "0-1"]
[WhiteElo "2017"]
[BlackElo "2087"]

1.e4 g6 2.d4 Bg7 3.Nc3 c6 4.Be3 d5 5.f3 h5 6.Qd2 Nh6 7.h3 e6 8.O-O-O Nd7
9.Be2 b6 10.g4 Ng8 11.gxh5 Rxh5 12.f4 Rh8 13.f5 gxf5 14.exf5 Ndf6 15.Nf3 exf5
16.Ne5 Qc7 17.Rdg1 Bh6 18.Bxh6 Nxh6 19.Nxc6 Ne4 20.Qe3 Be6 21.Ne5 a6 22.Bf3 O-O-O
23.Be2 Kb7 24.Nd1 Rc8 25.Bd3 Ng8 26.Qe2 Ra8 27.Ne3 Ne7 28.Nd1 Nc6 29.Nxc6 Qxc6
30.h4 Qa4 31.Kb1 Qxd4 32.h5 Rh6 33.c3 Qh8 34.Ne3 Nc5 35.Bxf5 Qe5 36.Bc2 Re8
37.Qd2 Rxh5 38.Rxh5 Qxh5 39.Bd1 Qe5 40.Bf3 Ne4 41.Qd3 f5 42.Nc2 Re7 43.Nb4 b5
44.Re1 Qg3 45.Rd1 Qe5 46.Re1 Rc7 47.a4 Rc4 48.Rc1 a5 49.Nc2 Nc5 50.Qe2 Qxe2
51.Bxe2 Rxa4 52.Bxb5 Re4 53.Nd4 Kb6 54.b4 axb4 55.cxb4 Rxd4  0-1

[Event "ZMD Open"]
[Site "Dresden GER"]
[Date "2009.07.01"]
[Round "8"]
[White "Herrich,C"]
[Black "Bueder,T"]
[Result "1-0"]
[WhiteElo "2005"]
[BlackElo "2201"]

1.e4 g6 2.d4 Bg7 3.Nc3 c6 4.Be3 d6 5.Qd2 Qa5 6.Bd3 b5 7.h3 Nd7 8.Nf3 Bb7
9.O-O Qc7 10.Rfe1 a6 11.a4 b4 12.Ne2 c5 13.c3 c4 14.Bb1 b3 15.a5 Ngf6 16.Ng3 h5
17.e5 dxe5 18.Ng5 h4 19.N3e4 Nxe4 20.Bxe4 Bxe4 21.Nxe4 exd4 22.Bxd4 e5 23.Bb6 Qc6
24.Nd6+  1-0

[Event "37th Greek Teams"]
[Site "Kallithea GRE"]
[Date "2009.07.05"]
[Round "5"]
[White "Amiridou,D"]
[Black "Hatziathanasiou,S"]
[Result "1/2-1/2"]
[WhiteElo "1572"]
[BlackElo "1744"]

1.e4 g6 2.d4 Bg7 3.Nc3 c6 4.f4 d5 5.Nf3 dxe4 6.Nxe4 Bf5 7.Ng3 Bg4 8.c3 Nf6
9.Bc4 O-O 10.O-O Nbd7 11.h3 Bxf3 12.Qxf3 Nb6 13.Bb3 Rc8 14.Be3 Nbd5 15.Bf2 Qc7
16.f5 Bh6 17.Ne4 Qf4 18.Nxf6+ Nxf6 19.Qxf4 Bxf4 20.fxg6 hxg6 21.Rae1 Bd6
22.Bh4 Kg7 23.Rf3 c5 24.Ref1 c4 25.Bxf6+ exf6 26.Bc2 f5 27.Re1 f4 28.Rf2 Rfe8
29.Rfe2 Rxe2 30.Rxe2 Rh8 31.Kf2 Rh5 32.a4 b5 33.axb5 Rxb5 34.Ba4 Ra5 35.Bc6 Ra1
36.Bb5 a5 37.Bxc4 a4 38.Re1 Rxe1 39.Kxe1 f6 40.Ke2 a3 41.bxa3 Bxa3 42.Kf3 Bb2
43.d5 Bxc3 44.Kxf4 Be5+ 45.Ke4 Kf8 46.g4 g5  1/2-1/2

[Event "XXXII Open"]
[Site "Barbera ESP"]
[Date "2009.07.06"]
[Round "3"]
[White "Colon Garcia,E"]
[Black "Molano Lafuente,I"]
[Result "1-0"]
[WhiteElo "2173"]
[BlackElo "2101"]

1.e4 c6 2.d4 g6 3.Nc3 Bg7 4.Nf3 d6 5.Be2 Nf6 6.h3 Nbd7 7.O-O O-O 8.e5 dxe5
9.dxe5 Nd5 10.Nxd5 cxd5 11.Bf4 e6 12.Re1 Qc7 13.Bd3 Nc5 14.Qd2 Bd7 15.Bh6 Rac8
16.Bxg7 Kxg7 17.Qf4 f5 18.exf6+ Rxf6 19.Qd4 Qf4 20.Qxf4 Rxf4 21.Ne5 Rc7 22.c3 a6
23.Rad1 Bc6 24.g3 Rf8 25.f4 Nd7 26.Nf3 Re8 27.Ne5 Rf8 28.Bf1 Nxe5 29.Rxe5 Bd7
30.h4 Rf5 31.Re3 h5 32.Bh3 Rf6 33.Rd4 b5 34.Re5 Rc4 35.Rxc4 bxc4 36.Kf2 Kf7
37.b3 cxb3 38.axb3 Ke7 39.Bf1 Bb5 40.c4 dxc4 41.bxc4 Bc6 42.Bd3 Bb7 43.Ke3 Bc8
44.Rg5 Kf7 45.Rc5 Bd7 46.Ra5 Bc8 47.c5 e5 48.fxe5 Rc6 49.Kd4 Rc7 50.Bxa6  1-0

[Event "8th Open"]
[Site "La Fere FRA"]
[Date "2009.07.06"]
[Round "3"]
[White "Genova,Ly"]
[Black "Wirig,A"]
[Result "0-1"]
[WhiteElo "2209"]
[BlackElo "2491"]

1.e4 g6 2.d4 Bg7 3.Nc3 c6 4.Bc4 d6 5.Qf3 e6 6.Nge2 Nd7 7.a4 Ngf6 8.O-O Qc7
9.Ba2 a6 10.Bg5 h6 11.Bh4 O-O 12.Qd3 b5 13.f4 b4 14.Nd1 d5 15.e5 Ne4 16.Nf2 Nxf2
17.Rxf2 c5 18.c3 a5 19.g4 Ba6 20.Qe3 cxd4 21.cxd4 Qc2 22.Ng3 Qd3 23.Qxd3 Bxd3
24.Rd1 Ba6 25.Be7 Rfc8 26.f5 Ra7 27.Bd6 Bf8 28.Bxf8 Nxf8 29.Nf1 b3 30.Bxb3 Rb7
31.Ba2 Bxf1 32.Kxf1 Rb4 33.fxe6 fxe6 34.b3 g5 35.Ke1 Ng6 36.Bb1 Nf4 37.Rf3 Kg7
38.Kf2 Rc7 39.h4 Rf7 40.hxg5 Nh3+ 41.Ke2 Rxf3 42.gxh6+ Kxh6 43.Kxf3 Rxb3+
44.Ke2 Nf4+ 45.Kf2 Rb2+ 46.Kf3 Kg5 47.Ke3 Rb3+ 48.Kf2 Nh3+ 49.Ke2 Kxg4 50.Bc2 Rc3
51.Rd2 Ng1+ 52.Kf1 Nf3 53.Bd1 Kf4 54.Bxf3 Kxf3 55.Rf2+ Ke4 56.Rf8 Rf3+  0-1

[Event "IM"]
[Site "Saint-Lo FRA"]
[Date "2009.07.11"]
[Round "6"]
[White "Kuipers,S"]
[Black "Poley,V"]
[Result "1-0"]
[WhiteElo "2324"]
[BlackElo "2312"]

1.e4 g6 2.d4 Bg7 3.Nc3 c6 4.Nf3 d5 5.h3 Nh6 6.Bf4 dxe4 7.Nxe4 Qb6 8.Qd2 Qxb2
9.Rd1 Ng8 10.Bc4 Nf6 11.Nxf6+ Bxf6 12.O-O Qb6 13.Bh6 Nd7 14.Ng5 Bxg5 15.Qxg5 Nf6
16.Qe5 Rg8 17.d5 Nd7 18.Qe2 cxd5 19.Rfe1 e6 20.Bxd5 g5 21.Qd2 g4 22.hxg4 Rxg4
23.Bf3 Rg8 24.Qc3 a5 25.Be4 Qc5 26.Qd3 a4 27.Bxh7 Rg4 28.Bf5 Rc4 29.Rxe6+ fxe6
30.Bxe6 Rd4 31.Qxd4 Qxd4 32.Rxd4 Ra6 33.Rc4 Rxe6 34.Rxc8+ Kf7 35.Be3 Rd6
36.Rc4 b5 37.Rd4 Ke6 38.Rxd6+ Kxd6 39.Bd2 Kd5 40.Bb4 Ne5 41.a3 Nc6 42.c3 Ke4
43.Kh2 Ne5 44.f3+ Ke3 45.Kg3 Nd3 46.Kg4 Ne5+ 47.Kf5 Nd3 48.g4 Kxf3 49.g5 Nf4
50.g6 Nh5 51.Bf8 Ke3 52.g7 Nxg7+ 53.Bxg7 Kd3 54.Ke6 Kc4 55.Kd6 Kb3 56.Kc5 Kxa3
57.Kxb5 Kb3 58.c4  1-0

[Event "Open"]
[Site "Condom FRA"]
[Date "2009.07.12"]
[Round "2"]
[White "Cornette,M"]
[Black "Paci,R"]
[Result "1-0"]
[WhiteElo "2578"]
[BlackElo "2022"]

1.e4 c6 2.d4 g6 3.Nc3 Bg7 4.Be3 d6 5.h3 Nd7 6.Qd2 Qc7 7.f4 b5 8.a3 a6 9.Nf3 Nb6
10.Bd3 Bb7 11.O-O Nf6 12.Qf2 Nfd7 13.f5 gxf5 14.Ng5 O-O-O 15.Nxf7 fxe4 16.Nxd8 Rxd8
17.Nxe4 Nd5 18.c3 h6 19.Ng3 Nxe3 20.Qxe3 Nf6 21.Qe6+ Kb8 22.Rae1 Nd5 23.Nh5  1-0

[Event "6th South Wales Int"]
[Site "Treforest WLS"]
[Date "2009.07.16"]
[Round "9"]
[White "Hurn,R"]
[Black "Gosling,B"]
[Result "0-1"]
[WhiteElo "1873"]
[BlackElo "2010"]

1.e4 g6 2.d4 Bg7 3.Nc3 c6 4.Nf3 d5 5.Be3 dxe4 6.Nxe4 Bf5 7.Bd3 Bxe4 8.Bxe4 Nf6
9.Qd3 Na6 10.c3 Qd6 11.Ne5 O-O 12.Bf3 Rad8 13.Bf4 Nd5 14.Bxd5 Qxd5 15.Qf3 f6
16.Qxd5+ Rxd5 17.Nf3 e5 18.Bg3 exd4 19.Nxd4 Re8+ 20.Kf1 Nc5 21.Re1 Rxe1+
22.Kxe1 f5 23.Ke2 Bxd4 24.cxd4 Rxd4 25.Rd1 Rxd1 26.Kxd1 Ne4 27.Bb8 Nxf2+
28.Ke2 Ng4 29.h3 Nf6 30.Bxa7 Kf7 31.a4 Ke6 32.a5 Kd5 33.Kd3 Ne4 34.b4 h6
35.Bb6 g5 36.Bc7 h5 37.Bb6 Nd6 38.Bd8 g4 39.Bg5 Ne4 40.Bf4 gxh3 41.gxh3 Nf2+
42.Ke3 Nxh3 43.Bc7 f4+ 44.Kf3 Ng5+ 45.Kg2 Ne6 46.Bb6 Kc4 47.Bf2 Kxb4 48.Be1+ Kb3
49.Kh3 c5 50.Kh4 c4 51.Kxh5 c3 52.Kg4 c2 53.Bd2 Kb2 54.Kf5 c1=Q 55.Bxc1+ Kxc1
56.Kxe6 f3 57.Kd6 f2 58.Kc7 f1=Q 59.Kxb7 Qb5+  0-1

[Event "32nd Taminco Open"]
[Site "Ghent BEL"]
[Date "2009.07.19"]
[Round "3"]
[White "Cools,G"]
[Black "Maes,P"]
[Result "1-0"]
[WhiteElo "2265"]
[BlackElo "2068"]

1.e4 g6 2.d4 Bg7 3.Nc3 c6 4.f4 d5 5.e5 h5 6.Nf3 Bg4 7.h3 Bf5 8.g3 Nh6 9.Bg2 Nd7
10.Be3 O-O 11.Qd2 b5 12.O-O Nb6 13.b3 Qd7 14.Kh2 Rfd8 15.a4 a6 16.a5 Nc8
17.Nd1 Be4 18.Nf2 f5 19.Nd3 Bxd3 20.Qxd3 Nf7 21.Bd2 e6 22.Nh4 Ne7 23.Bb4 Kh7
24.Bf3 Nh6 25.Rg1 Rg8 26.Rg2 Raf8 27.Rag1 Rf7 28.Be2 Bf8 29.Nf3 Rfg7 30.Ng5+ Kh8
31.Rc1 Nf7 32.Nxf7+ Rxf7 33.Bf3 Rh7 34.c4 g5 35.fxg5 Rxg5 36.cxb5 cxb5 37.Qc2 Ng6
38.Bxf8 Nxf8 39.Qc8 Qg7 40.h4 Rg6 41.Qxa6 f4 42.Rcg1 Qh6 43.Qc8 Kg8 44.g4 hxg4
45.Rxg4 Rhg7 46.Kh3 Kh7 47.Qxf8 Qh5 48.Rxg6 Rxg6 49.Rxg6 Qxg6  1-0

[Event "Najdorf Mem Open"]
[Site "Warsaw POL"]
[Date "2009.07.21"]
[Round "4"]
[White "Jedryczka,K"]
[Black "Petrov,Marij"]
[Result "0-1"]
[WhiteElo "2244"]
[BlackElo "2479"]

1.e4 g6 2.d4 Bg7 3.Nc3 c6 4.h4 d5 5.exd5 cxd5 6.h5 Nc6 7.Be3 Nf6 8.h6 Bf8
9.Bf4 a6 10.Qd2 Bf5 11.f3 Bd7 12.g4 e6 13.Nge2 Rc8 14.a3 Be7 15.g5 Ng8 16.Bh3 Na5
17.b3 Bb5 18.Nxb5 axb5 19.Rg1 Nc6 20.Kf2 Bd6 21.Rge1 Nge7 22.Bxd6 Qxd6 23.Nf4 O-O
24.Kg2 Ra8 25.c3 Na5 26.Rab1 Nf5 27.Bxf5 gxf5 28.Re2 Nc6 29.Rbe1 Kh8 30.g6 hxg6
31.h7 Qd8 32.Rh1 Rxa3 33.Rh3 Qf6 34.Rg3 Rfa8 35.Qe1 Ra2 36.Qf2 Rxe2 37.Qxe2 b4
38.c4 Nxd4 39.Qd2 dxc4 40.Qxb4 Qh4 41.Nh3 f4 42.Rg4 Ra2+  0-1

[Event "Najdorf Mem Open"]
[Site "Warsaw POL"]
[Date "2009.07.22"]
[Round "5"]
[White "Strzemiecki,Z"]
[Black "Warakomski,T"]
[Result "1/2-1/2"]
[WhiteElo "2314"]
[BlackElo "2491"]

1.e4 g6 2.d4 Bg7 3.Nc3 c6 4.f4 d5 5.e5 Qb6 6.Na4 Qc7 7.Nf3 Nh6 8.Be3 f6 9.Qd2 O-O
10.Bd3 Ng4 11.O-O b6 12.c4 dxc4 13.Bxc4+ Kh8 14.Nc3 Ba6 15.b3 b5 16.Be2 b4
17.Ne4 Bxe2 18.Qxe2 Nxe3 19.Qxe3 Nd7 20.Rac1 Nb6 21.Nh4 Qd7 22.Nc5 Qg4 23.Qg3 Qxg3
24.hxg3 Nd5 25.Ne6 Rfc8 26.Rf2 Kg8 27.Rfc2 Nc3 28.Nf3 a5 29.Nc5 Rd8 30.Ne6 Rd7
31.Nc5 Rdd8 32.Ne6 Rd7 33.Nc5 Rdd8 34.a4 g5 35.Ne6 Rd7 36.fxg5 fxe5 37.dxe5  1/2-1/2

[Event "Najdorf Mem Open"]
[Site "Warsaw POL"]
[Date "2009.07.22"]
[Round "5"]
[White "Jacek,K"]
[Black "Jedryczka,K"]
[Result "0-1"]
[WhiteElo "2047"]
[BlackElo "2244"]

1.e4 g6 2.d4 Bg7 3.Nc3 c6 4.Be3 d5 5.e5 Nh6 6.Bg5 f6 7.Bf4 Nf7 8.Qe2 fxe5
9.dxe5 Qc7 10.Nf3 Bg4 11.Qe3 Bxf3 12.e6 Ne5 13.gxf3 d4 14.Qxd4 Nxf3+ 15.Kd1 Nxd4
16.Bxc7 Nxe6 17.Bg3 Nd7 18.Bc4 Nd4 19.Re1 Nf5 20.Ne4 O-O-O 21.Kc1 Bh6+ 22.Kb1 Nxg3
23.hxg3 Ne5 24.Be6+ Kc7 25.a3 Nf3 26.Rh1 Rd4 27.Nc5 Kd6 28.Nxb7+ Kxe6 29.Rxh6 Rd5
30.c4 Re5 31.g4 Rb8 32.Rh3 Nd2+ 33.Kc2 Nxc4 34.Rb3 Nb6 35.a4 Rxb7 36.a5 Re2+
37.Kb1 Rxf2 38.axb6 Rf1+ 39.Ka2 Rxa1+ 40.Kxa1 Rxb6 41.Rh3 Rb4 42.Rxh7 Rxg4
43.Rh8 Rg5 44.Kb1 Rd5  0-1

[Event "Najdorf Mem Open"]
[Site "Warsaw POL"]
[Date "2009.07.23"]
[Round "6"]
[White "Paterek,M"]
[Black "Warakomski,T"]
[Result "0-1"]
[WhiteElo "2302"]
[BlackElo "2491"]

1.d4 g6 2.e4 Bg7 3.Nc3 c6 4.Nf3 d6 5.a4 a5 6.Bc4 Na6 7.O-O Nb4 8.Bf4 Nf6
9.Re1 O-O 10.Bb3 Nh5 11.Be3 Qc7 12.h3 e5 13.Qd2 Be6 14.Bxe6 fxe6 15.Rad1 Rxf3
16.gxf3 exd4 17.Bxd4 Bxd4 18.Qxd4 Nxc2 19.Qc4 Nxe1 20.Qxe6+ Qf7 21.Qxf7+ Kxf7
22.Rxe1 Nf4 23.Kh2 Ra6 24.Kg3 Nh5+ 25.Kg4 Rb6 26.Re2 Rb4 27.f4 d5 28.Kg5 d4
29.Nd1 Rxa4 30.f5 Nf6 31.f3 Rb4 32.e5 d3 33.fxg6+ hxg6 34.e6+ Kg7  0-1

[Event "Czech Open A"]
[Site "Pardubice CZE"]
[Date "2009.07.24"]
[Round "1"]
[White "Lubbe,N"]
[Black "Vokoun,J"]
[Result "0-1"]
[WhiteElo "2363"]
[BlackElo "2199"]

1.e4 g6 2.d4 Bg7 3.Nc3 c6 4.Be3 b5 5.Qd2 a6 6.Nge2 d6 7.f3 Nd7 8.g4 Qc7 9.h4 Nb6
10.Ng3 b4 11.Nd1 d5 12.Bf4 e5 13.dxe5 Bxe5 14.Bxe5 Qxe5 15.f4 Qc7 16.Nf2 a5
17.h5 Ne7 18.Qd4 Rf8 19.hxg6 hxg6 20.Rh8 Qxf4 21.Rxf8+ Kxf8 22.Qxb6 Bxg4
23.Ne2 Bxe2 24.Bxe2 dxe4 25.Qd4 Re8 26.Ng4 Nd5 27.Qh8+ Ke7 28.Qe5+ Qxe5 29.Nxe5 f5
30.Nxc6+ Kd6 31.Nxa5 f4 32.O-O-O Ra8 33.Nc4+ Kc5 34.Rxd5+ Kxd5 35.Nb6+ Kd4
36.Nxa8 Ke3 37.Kd1 Kf2 38.Nc7 f3 39.Bxf3 exf3 40.Nd5 g5 41.Kd2 g4 42.Nf4 g3
43.Nh3+ Kf1 44.Ke3 f2  0-1

[Event "Najdorf Mem Open"]
[Site "Warsaw POL"]
[Date "2009.07.25"]
[Round "8"]
[White "Vysochin,S"]
[Black "Warakomski,T"]
[Result "1-0"]
[WhiteElo "2554"]
[BlackElo "2491"]

1.e4 g6 2.d4 Bg7 3.Nc3 c6 4.f4 d5 5.e5 Nh6 6.Nf3 O-O 7.Be2 f6 8.O-O b5 9.h3 Nf7
10.Be3 Na6 11.Qd2 Nc7 12.Nd1 fxe5 13.fxe5 c5 14.c3 Bf5 15.Nf2 a5 16.Bd3 Bxd3
17.Nxd3 c4 18.Nc5 Qc8 19.Ng5 Na6 20.Nxf7 Rxf7 21.Rxf7 Kxf7 22.Rf1+ Kg8 23.Qf2 Nxc5
24.Qf7+ Kh8 25.dxc5 Qc7 26.Bd4 Bxe5 27.Re1  1-0

[Event "Politiken Cup"]
[Site "Helsingor DEN"]
[Date "2009.07.26"]
[Round "10"]
[White "Madland,K"]
[Black "Fries Nielsen,JO"]
[Result "0-1"]
[WhiteElo "2017"]
[BlackElo "2439"]

1.e4 g6 2.d4 Bg7 3.Nc3 c6 4.Nf3 d6 5.Bd3 Bg4 6.Be3 Qb6 7.O-O Qxb2 8.Qd2 Qb6
9.Rab1 Qc7 10.Rb3 Bxf3 11.gxf3 Nd7 12.Rfb1 b6 13.d5 c5 14.Bb5 Nf6 15.Bc6 O-O
16.Nb5 Qc8 17.Bxa8 Qxa8 18.c4 a6 19.Nc3 Nh5 20.f4 f5 21.f3 Qe8 22.Ne2 fxe4
23.fxe4 Ndf6 24.Qd3 Qc8 25.Bf2 b5 26.Bg3 Qh3 27.cxb5 Ng4 28.Qf3 axb5 29.Rxb5 Nhf6
30.Rb8 Ne8 31.Qg2 Qh5 32.a4 Ne3 33.Qf2 Nc4 34.Ra8 g5 35.f5 Nd2 36.Rbb8 Nf3+
37.Kh1 Nf6 38.Rxf8+ Bxf8 39.Qe3 Qg4 40.Nc3 h5 41.Kg2 Nh4+ 42.Kf2 Kf7 43.Bxh4 Qxh4+
44.Kg2 g4 45.a5 Nd7 46.Ne2 Bg7 47.Qg3 Qf6 48.Rd8 Qb2 49.Qf2 Ne5 50.Ng3 Qb1
51.a6 h4 52.Qf1 Qa2+ 53.Qe2 Qa3 54.Nf1 Bh6 55.Rh8 Bg5 56.Rh5 Bf6 57.Ne3 h3+
58.Kg3 c4 59.Kf4 Qxa6 60.Nxg4 Nd3+ 61.Kg3 Qb6 62.Kxh3  0-1

[Event "ch-AUT"]
[Site "Jenbach AUT"]
[Date "2009.07.26"]
[Round "2"]
[White "Schnegg,D"]
[Black "Singer,Ri"]
[Result "0-1"]
[WhiteElo "2092"]
[BlackElo "2284"]

1.e4 g6 2.d4 Bg7 3.Nc3 c6 4.Nf3 d5 5.exd5 cxd5 6.Bb5+ Nc6 7.O-O e6 8.Bf4 Bd7
9.Qd2 a6 10.Ba4 b5 11.Bxb5 axb5 12.Nxb5 Kf8 13.Bc7 Bh6 14.Qc3 Qc8 15.Qc5+ Kg7
16.g4 Nf6 17.g5 Ne4 18.gxh6+ Kg8  0-1

[Event "2nd Open"]
[Site "Paleohora GRE"]
[Date "2009.07.26"]
[Round "7"]
[White "Gaponenko,I"]
[Black "David,Alb"]
[Result "0-1"]
[WhiteElo "2428"]
[BlackElo "2565"]

1.e4 g6 2.d4 Bg7 3.Nc3 c6 4.f4 d5 5.e5 Qb6 6.Na4 Qc7 7.Nf3 Bg4 8.Be3 Nd7
9.b3 f6 10.c3 Nh6 11.Bd3 Nf5 12.Bxf5 Bxf5 13.O-O O-O 14.Rc1 e6 15.c4 Rae8
16.c5 Rf7 17.exf6 Bxf6 18.Ne5 Rg7 19.g4 Be4 20.g5 Be7 21.Nc3 Bf5 22.Ne2 Nxe5
23.fxe5 b6 24.b4 bxc5 25.bxc5 Kh8 26.Qd2 Bd8 27.Ng3 Qa5 28.Nxf5 gxf5 29.Qg2 Bxg5
30.Bxg5 h6 31.h4 hxg5 32.h5 Qa3 33.Rb1 Qe3+ 34.Qf2 Qxf2+ 35.Rxf2 Rh7  0-1

[Event "Continental ch-Americas"]
[Site "Sao Paulo BRA"]
[Date "2009.07.26"]
[Round "2"]
[White "Oliveira,Je"]
[Black "Ivanov,AV USA"]
[Result "0-1"]
[WhiteElo "2274"]
[BlackElo "2527"]

1.e4 g6 2.d4 Bg7 3.Nc3 c6 4.Be3 Qb6 5.Rb1 d6 6.Nf3 Qc7 7.Be2 Nd7 8.Qd2 e5
9.O-O Ngf6 10.Bh6 O-O 11.Bxg7 Kxg7 12.Rfe1 Re8 13.a4 a5 14.Bc4 h6 15.Rbd1 Nb6
16.Bb3 Bg4 17.Re3 Re7 18.h3 Bd7 19.Nh4 c5 20.dxc5 dxc5 21.Nd5 Nfxd5 22.exd5 Qd6
23.c4 e4 24.Rde1 Rae8 25.g4 Bxa4 26.Bxa4 Nxa4 27.b3 Nb6 28.Qxa5 Nd7 29.Qc3+ Kh7
30.Kg2 b5 31.f3 Nf6 32.fxe4 Nxe4 33.Qd3 bxc4 34.bxc4 Qf4 35.Rf1 Qe5 36.Nf3 Qg3+
37.Kh1 Nf2+ 38.Rxf2 Rxe3 39.Qf1 Kg8 40.Qg2 Qxg2+ 41.Kxg2 Re2 42.Kf1 Rxf2+
43.Kxf2 Re4 44.Nd2 Rd4 45.Ke3 f5 46.gxf5 gxf5 47.Nb3 f4+ 48.Ke2 f3+ 49.Kxf3 Rd3+
50.Ke4 Rxb3 51.d6 Kf7  0-1

[Event "Czech Open A"]
[Site "Pardubice CZE"]
[Date "2009.07.28"]
[Round "5"]
[White "Boss,I"]
[Black "Freisler,P"]
[Result "0-1"]
[WhiteElo "2117"]
[BlackElo "2289"]

1.d4 g6 2.e4 Bg7 3.Nc3 c6 4.Be3 d5 5.f3 dxe4 6.fxe4 Nf6 7.Be2 e5 8.d5 Qa5
9.Qd2 O-O 10.O-O-O b5 11.Bf3 b4 12.Nb1 cxd5 13.exd5 e4 14.Be2 Qxa2 15.Qxb4 Nxd5
16.Rxd5 Qxd5 17.Nc3 Qb7 18.Qxb7 Bxb7 19.Nh3 Nd7 20.Nf4 Ne5 21.Nfd5 h6 22.Rd1 Rfd8
23.Ne7+ Kh7 24.Ncd5 Nc6 25.Rf1 Nxe7 26.Nxe7 f5 27.g4 Rd7 28.Bc5 Bf6 29.Bb5 Rxe7
30.Bxe7 Bxe7 31.gxf5 gxf5 32.Rxf5 Rf8 33.Re5 Bg5+ 34.Kb1 Rf7 35.b4 Re7 36.Rc5 Bd2
37.c3 e3 38.Kb2 Bf3  0-1

[Event "ch-AUT"]
[Site "Jenbach AUT"]
[Date "2009.07.29"]
[Round "5"]
[White "Hofmann,T"]
[Black "Kroell,H"]
[Result "1-0"]
[WhiteElo "2022"]
[BlackElo "2121"]

1.e4 g6 2.d4 Bg7 3.Nc3 c6 4.f4 d5 5.e5 h5 6.Nf3 Bg4 7.h3 Bxf3 8.Qxf3 e6 9.Be3 h4
10.Be2 Nh6 11.O-O-O Nf5 12.Bf2 Nd7 13.Rd3 Bf8 14.Nd1 b5 15.Ne3 Qb6 16.Nxf5 gxf5
17.Rb3 Qc7 18.Kb1 a5 19.Rc1 a4 20.Re3 Nb6 21.Rc3 Bb4 22.Be1 Nc4 23.Rxc4 Bxe1
24.Rxc6 Qxc6 25.Rxe1 a3 26.Qb3 Ra5 27.Qb4 Qb6 28.bxa3 Kd7 29.a4 Kc7 30.Bxb5 Rc8
31.Re3 Kb7 32.Rb3 Ka7 33.c3 Qc7 34.Kb2 Rb8 35.Qc5+ Qxc5 36.dxc5 Rg8 37.Ka3 Rxg2
38.Kb4 Ra6 39.c6 Rb6 40.Kc5 Rg8 41.a5 Rbb8 42.Kd6 Rgc8 43.Kd7 Rd8+ 44.Ke7 Rdc8
45.Ba4 Rc7+ 46.Kd6 Rbc8 47.Rb6 Ka8 48.Bb5 Ra7 49.a6 Rd8+ 50.Kc5 d4 51.cxd4 Rd5+
52.Kc4 Rc7 53.a4 Ka7 54.Rb7+ Rxb7 55.axb7 Kb8 56.a5 Kc7 57.a6 Kb8 58.c7+ Kxc7
59.a7 Kxb7 60.a8=Q+  1-0

[Event "Czech Open A"]
[Site "Pardubice CZE"]
[Date "2009.07.29"]
[Round "6"]
[White "Ivanov,Al3"]
[Black "Shytaj,C"]
[Result "1-0"]
[WhiteElo "2402"]
[BlackElo "2223"]

1.e4 g6 2.d4 Bg7 3.Nc3 c6 4.Be3 d5 5.f3 dxe4 6.fxe4 e5 7.d5 Nf6 8.Qd2 cxd5
9.exd5 Ng4 10.Bc5 b6 11.Bb5+ Bd7 12.Ba3 a6 13.Bd3 f5 14.Nf3 e4 15.Bxe4 fxe4
16.Nxe4 Bf5 17.Nd6+ Kd7 18.O-O Rf8 19.Rae1 Rf6 20.h3 Bh6 21.Ne5+ Nxe5 22.Qxh6 Rxd6
23.Rxf5 Nc4 24.Rf7+  1-0

[Event "ZMD Open"]
[Site "Dresden GER"]
[Date "2009.07.30"]
[Round "6"]
[White "Nosek,R"]
[Black "Fegebank,F"]
[Result "0-1"]
[WhiteElo "1926"]
[BlackElo "2050"]

1.d4 g6 2.e4 Bg7 3.Nc3 c6 4.Bg5 Qb6 5.Nge2 Qxb2 6.Rb1 Qa3 7.h4 Qa5 8.Qd2 h5
9.g3 d6 10.Bg2 Nd7 11.O-O Bh6 12.Be3 Bxe3 13.Qxe3 Ngf6 14.Rfe1 e5 15.Qg5 Qd8
16.Red1 Qe7 17.Rb3 Nb6 18.a4 Ng4 19.Qc1 Nc4 20.Nb1 Kf8 21.f3 Nf6 22.Rc3 Nb6
23.a5 Nbd7 24.Qb2 Kg7 25.Rb3 Kh7 26.c4 Re8 27.Rbd3 Nf8 28.Nbc3 Ne6 29.Na4 c5
30.dxe5 dxe5 31.Qxe5 Nd7 32.Qb2 Nb8 33.Qb5 Nc6 34.a6 Ne5 35.R3d2 bxa6 36.Qb3 Nc6
37.Qc3 Ned4 38.Nf4 Rb8 39.Nd5 Qd6 40.f4 Rb3 41.Qa1 Rxg3 42.Kh2 Rg4 43.e5 Nxe5
44.Rxd4 Rxh4+ 45.Kg1 cxd4 46.Qxd4 Ng4 47.c5 Qe6 48.Nb2 Rh2 49.Nf6+ Qxf6 50.Qxf6 Nxf6
51.Kxh2 Re2 52.Nd3 Bb7 53.Ne1 Bxg2 54.Nxg2 Rc2 55.Ra1 Rxc5 56.Rxa6 Ng4+ 57.Kg3 Rc7
58.Kf3 Re7 59.Ra3 Kg7 60.Nh4 Nf6 61.Kg3 Nd5 62.Nf3 Ne3 63.Ne5 Nf5+ 64.Kf3 Rc7
65.Ke4 f6 66.Nd3 Ne7 67.Ra4 Nf5 68.Ra3 Re7+ 69.Kd5 Ne3+ 70.Kc5 g5 71.Ra4 g4
72.Kd6 Nf5+ 73.Kd5 g3 74.Nc5 Kf7 75.Ne4 g2 76.Ra1 Ne3+  0-1